<?xml version="1.0" encoding="UTF-8"?>
<marc:record xmlns:marc="http://www.loc.gov/MARC21/slim">
   <marc:leader>00000nam a2200000 a 4500</marc:leader>
   <marc:datafield ind1="1" ind2=" " tag="100">
      <marc:subfield code="a">Helfer, Monika</marc:subfield>
      <marc:subfield code="4">aut</marc:subfield>
      <marc:subfield code="e">Verfasser/-in</marc:subfield>
   </marc:datafield>
   <marc:datafield ind1="0" ind2="0" tag="245">
      <marc:subfield code="a">Vati</marc:subfield>
   </marc:datafield>
   <marc:datafield ind1="0" ind2="0" tag="245">
      <marc:subfield code="b">Roman</marc:subfield>
   </marc:datafield>
   <marc:datafield ind1="0" ind2="0" tag="245">
      <marc:subfield code="c">Monika Helfer</marc:subfield>
   </marc:datafield>
   <marc:datafield ind1=" " ind2="1" tag="264">
      <marc:subfield code="a">München</marc:subfield>
      <marc:subfield code="b">Hanser</marc:subfield>
      <marc:subfield code="c">2021</marc:subfield>
   </marc:datafield>
   <marc:datafield ind1=" " ind2=" " tag="250">
      <marc:subfield code="a">1. Auflage</marc:subfield>
   </marc:datafield>
   <marc:datafield ind1="1" ind2=" " tag="520">
      <marc:subfield code="a">Monika Helfer schreibt fort, was sie mit ihrem Bestseller "Die Bagage" begonnen hat: ihre eigene Familiengeschichte.&lt;br/&gt;&lt;br/&gt;Ein Mann mit Beinprothese, ein Abwesender, ein Witwer, ein Pensionär, ein Literaturliebhaber. Monika Helfer umkreist das Leben ihres Vaters und erzählt von ihrer eigenen Kindheit und Jugend. Von dem vielen Platz und der Bibliothek im Kriegsopfer-Erholungsheim in den Bergen, von der Armut und den beengten Lebensverhältnissen. Von dem, was sie weiß über ihren Vater, was sie über ihn in Erfahrung bringen kann. Mit großer Wahrhaftigkeit entsteht ein Roman über das Aufwachsen in schwierigen Verhältnissen, eine Suche nach der eigenen Herkunft. Ein Erinnerungsbuch, das sanft von Existenziellem berichtet und schmerzhaft im Erinnern bleibt. "Ja, alles ist gut geworden. Auf eine bösartige Weise ist alles gut geworden."</marc:subfield>
   </marc:datafield>
   <marc:datafield ind1=" " ind2=" " tag="020">
      <marc:subfield code="a">9783446269170</marc:subfield>
      <marc:subfield code="9">9783446269170</marc:subfield>
   </marc:datafield>
   <marc:datafield ind1=" " ind2=" " tag="041">
      <marc:subfield code="a">ger</marc:subfield>
   </marc:datafield>
   <marc:datafield ind1="1" ind2=" " tag="521">
      <marc:subfield code="a">0</marc:subfield>
   </marc:datafield>
   <marc:datafield ind1=" " ind2=" " tag="300">
      <marc:subfield code="a">176 Seiten</marc:subfield>
   </marc:datafield>
</marc:record>
